The pied piper / (Record no. 28148)

MARC details
000 -LEADER
fixed length control field 01757cam a2200433 a 4500
001 - CONTROL NUMBER
control field 38039736
003 - CONTROL NUMBER IDENTIFIER
control field OCoLC
005 - DATE AND TIME OF LATEST TRANSACTION
control field 20230606131425.0
008 - FIXED-LENGTH DATA ELEMENTS--GENERAL INFORMATION
fixed length control field 971128t19981998nyu 000 1 eng
010 ## - LIBRARY OF CONGRESS CONTROL NUMBER
LC control number 97049709 //r98
020 ## - INTERNATIONAL STANDARD BOOK NUMBER
International Standard Book Number 9780786863006
020 ## - INTERNATIONAL STANDARD BOOK NUMBER
International Standard Book Number 0786863005
035 ## - SYSTEM CONTROL NUMBER
Canceled/invalid control number 97049709
040 ## - CATALOGING SOURCE
Original cataloging agency DLC
Language of cataloging eng
Transcribing agency DLC
Modifying agency DMP
041 ## - LANGUAGE CODE
Language code of text/sound track or separate title eng
043 ## - GEOGRAPHIC AREA CODE
Geographic area code n-us-wa
050 00 - LIBRARY OF CONGRESS CALL NUMBER
Classification number PS3566.E234
Item number P54 1998
082 00 - DEWEY DECIMAL CLASSIFICATION NUMBER
Classification number 813/.54
Edition number 21
092 ## - LOCALLY ASSIGNED DEWEY CALL NUMBER (OCLC)
Classification number FIC
Item number PEA
100 1# - MAIN ENTRY--PERSONAL NAME
Personal name Pearson, Ridley.
Authority record control number https://id.loc.gov/authorities/names/n84199915.
245 14 - TITLE STATEMENT
Title The pied piper /
Statement of responsibility, etc. Ridley Pearson.
246 ## - VARYING FORM OF TITLE
Title proper/short title The pied piper
250 ## - EDITION STATEMENT
Edition statement 1st ed.
260 ## - PUBLICATION, DISTRIBUTION, ETC. (IMPRINT)
Place of publication, distribution, etc. New York :
Name of publisher, distributor, etc. Hyperion,
Date of publication, distribution, etc. c1998
264 #1 - PRODUCTION, PUBLICATION, DISTRIBUTION, MANUFACTURE, AND COPYRIGHT NOTICE
Place of production, publication, distribution, manufacture New York :
Name of producer, publisher, distributor, manufacturer Hyperion,
Date of production, publication, distribution, manufacture, or copyright notice [1998]
264 #4 - PRODUCTION, PUBLICATION, DISTRIBUTION, MANUFACTURE, AND COPYRIGHT NOTICE
Date of production, publication, distribution, manufacture, or copyright notice c1998.
300 ## - PHYSICAL DESCRIPTION
Extent 497 pages ;
Dimensions 25 cm.
336 ## - CONTENT TYPE
Content type term text
Content type code txt
Source rdacontent.
337 ## - MEDIA TYPE
Media type term unmediated
Media type code n
Source rdamedia.
338 ## - CARRIER TYPE
Carrier type term volume
Carrier type code nc
Source rdacarrier.
650 #0 - SUBJECT ADDED ENTRY--TOPICAL TERM
Topical term or geographic name as entry element Boldt, Lou (Fictitious character)
Form subdivision Fiction.
Authority record control number https://id.loc.gov/authorities/subjects/sh2009117331.
650 #0 - SUBJECT ADDED ENTRY--TOPICAL TERM
Topical term or geographic name as entry element Matthews, Daphne (Fictitious character)
Form subdivision Fiction.
Authority record control number https://id.loc.gov/authorities/subjects/sh2010101061.
650 #0 - SUBJECT ADDED ENTRY--TOPICAL TERM
Topical term or geographic name as entry element Police
Geographic subdivision Washington (State)
-- Seattle
Form subdivision Fiction.
Authority record control number https://id.loc.gov/authorities/subjects/sh2008109504.
650 #0 - SUBJECT ADDED ENTRY--TOPICAL TERM
Topical term or geographic name as entry element Police psychologists
Form subdivision Fiction.
Authority record control number https://id.loc.gov/authorities/subjects/sh2008109489.
650 #0 - SUBJECT ADDED ENTRY--TOPICAL TERM
Topical term or geographic name as entry element Adoption
General subdivision Corrupt practices
Authority record control number https://id.loc.gov/authorities/subjects/sh85000979
Form subdivision Fiction.
Authority record control number https://id.loc.gov/authorities/subjects/sh99001562.
651 #0 - SUBJECT ADDED ENTRY--GEOGRAPHIC NAME
Geographic name Seattle (Wash.)
Form subdivision Fiction.
Authority record control number https://id.loc.gov/authorities/subjects/sh2008111359.
655 #7 - INDEX TERM--GENRE/FORM
Genre/form data or focus term Detective and mystery fiction.
Source of term lcgft
Authority record control number https://id.loc.gov/authorities/genreForms/gf2014026280.
942 ## - ADDED ENTRY ELEMENTS (KOHA)
Koha item type Libro/Book
Holdings
Withdrawn status Lost status Damaged status Not for loan Home library Current library Shelving location Date acquired Inventory number Total Checkouts Full call number Barcode Checked out Date last seen Date checked out Price effective from Koha item type
        San Juan Del Sur -- Biblioteca San Juan Del Sur -- Biblioteca English 06/06/2023 Inventory date: 15-5-25 4 M 30023120 13/04/2026 09/03/2026 09/03/2026 06/06/2023 Libro/Book

Powered by Koha